<?xml version="1.0" encoding="UTF-8"?>
<record
    xmlns:xsi="http://www.w3.org/2001/XMLSchema-instance"
    xsi:schemaLocation="http://www.loc.gov/MARC21/slim http://www.loc.gov/standards/marcxml/schema/MARC21slim.xsd"
    xmlns="http://www.loc.gov/MARC21/slim">

  <leader>00735cam0a220021700 4500</leader>
  <controlfield tag="001">tmp15935820</controlfield>
  <controlfield tag="003">UPRA</controlfield>
  <controlfield tag="005">20190822104607.0</controlfield>
  <controlfield tag="008">951114s1977    ru                  eng u</controlfield>
  <datafield tag="035" ind1=" " ind2=" ">
    <subfield code="a">(Sirsi) r50270</subfield>
  </datafield>
  <datafield tag="035" ind1=" " ind2=" ">
    <subfield code="a">(UPRA)tmp15935820</subfield>
  </datafield>
  <datafield tag="040" ind1=" " ind2=" ">
    <subfield code="c">UPRA</subfield>
  </datafield>
  <datafield tag="100" ind1="1" ind2=" ">
    <subfield code="a">Strflkova, Irina.</subfield>
    <subfield code="6">A8274.1</subfield>
  </datafield>
  <datafield tag="245" ind1="1" ind2="0">
    <subfield code="a">Playing the game :</subfield>
    <subfield code="b">a short novel.</subfield>
  </datafield>
  <datafield tag="260" ind1=" " ind2=" ">
    <subfield code="a">Moscow :</subfield>
    <subfield code="b">Radiga Pub.,</subfield>
    <subfield code="c">1977.</subfield>
  </datafield>
  <datafield tag="949" ind1=" " ind2=" ">
    <subfield code="a">PG3488.T7</subfield>
    <subfield code="w">lcc</subfield>
    <subfield code="i">-63278</subfield>
    <subfield code="m">MAIN</subfield>
    <subfield code="t">BOOK</subfield>
    <subfield code="l">ON-SHELF</subfield>
  </datafield>
  <datafield tag="949" ind1=" " ind2=" ">
    <subfield code="a">PG3488.T7</subfield>
    <subfield code="w">lcc</subfield>
    <subfield code="i">33729005173146</subfield>
    <subfield code="m">MAIN</subfield>
    <subfield code="t">BOOK</subfield>
    <subfield code="l">ON-SHELF</subfield>
  </datafield>
  <controlfield tag="004">50270</controlfield>
  <datafield tag="987" ind1=" " ind2=" ">
    <subfield code="a">Author : unreadable? </subfield>
    <subfield code="b">is Strflkova the correct last name?</subfield>
  </datafield>
  <datafield tag="987" ind1=" " ind2=" ">
    <subfield code="a">Holdings : use? </subfield>
    <subfield code="b">Two cards had same accession number. How many copies does library have?</subfield>
  </datafield>
  <datafield tag="999" ind1=" " ind2=" ">
    <subfield code="c">130774</subfield>
    <subfield code="d">130774</subfield>
  </datafield>
</record>
